00436nam a2200169Ia 4500003000400000008004100004040001600045082001300061100001700074245004900091260003400140300001000174490003400184650001500218650001100233650002200244GCL140319s9999 xx 000 0 eng d aGCL / cGCL04a843bA C1 aAYME, MARCEL10aLE CHEMIN DES ECOLIERS, 143 / cAYME, MARCEL a[S.N] : bGALLIMARD ، c1993 a252 P aCOLLECTION FOLIO CLASSIQUEv004aLITERATURE04aFRENCH04aFRENCH LITERATURE